000 00512nam a22001817a 4500
003 OSt
005 20180116183047.0
008 160722b xxu||||| |||| 00| 0 eng d
020 _a0
040 _c0
082 _a954.9142 ZEB 1996
100 _aMulana Muhammad Ismail Zabeeh
245 _aIslamabad- Mazi Hall, Mutaqbal
_cMulana Muhammad Ismail Zabeeh
260 _aIslamabad
_bAL-QALAM DARUL ISHAAT ISLAMABAD
_c1996
300 _a544 P.
_bHB
440 _aIslamabad- Mazi Hall, Mutaqbal
942 _2ddc
_cBK
999 _c351483
_d351483